000 00813nam a22002297a 4500
999 _c21324
_d21324
003 AR-CdUCM
008 190409b ||||| |||| 00| 0 spa d
040 _aMUNICIPALIDAD PROVINCIAL DEL CUSCO
_cBIBLIOTECA MUNICIPAL DEL CUSCO
082 _aEP/498.518/H89
_bH89
100 _aHuillca Camero, Virgilio
_930587
245 _aAntiq Intiq yachaynin Nº4 Quechua :
_bqueswa simita yachasunchis aprendamos el idioma Quechua /
260 _aCusco ;
_bR&W,
_c2018.
300 _a74 Páginas. :
_c29 cm.
500 _a"Qheswa simipi hamut'ay, qelqay, ama p'enqakuspataq rimay" Patara N° 4
650 _aLengua quechua
_97426
650 _aCusco
_9772
650 _aEstudio y enseñanza
_92610
650 _aGramatica
_99175
700 _aChalco Pacco, Ruth Masrisol
_930588
942 _2ddc
_cLIBROS
945 _aRoel